Angelo

I tiakina i:
Ngā taipitopito rārangi puna kōrero
Kaituhi matua: Visconti Luchino
Hōputu: Pukapuka
Reo:Undetermined
I whakaputaina: Roma Editori Tiuniti 1993
Ngā Tūtohu: Tāpirihia he Tūtohu
Kāore He Tūtohu, Me noho koe te mea tuatahi ki te tūtohu i tēnei pūkete!

MARC

LEADER 00000nam a2200000Ia 4500
001 112
003 NUMERAZIONE-ORIGINALE-BRESCIA
005 20260206230748.0
008 260206s9999 xx 000 0 und d
100 |a Visconti Luchino 
245 0 |a Angelo 
260 |a Roma 
260 |b Editori Tiuniti 
260 |c 1993 
500 |a I Grandi - Narrativa 
942 |2 ddc  |c BK  |n 0 
952 |0 0  |1 0  |2 ddc  |4 0  |6 24  |7 0  |9 28300  |a BS  |b BS  |d 2026-02-06  |i 112  |l 0  |o 2-4-*  |r 2026-02-06 22:40:32  |w 2026-02-06  |x [REVISIONARE]  |y BK 
999 |c 23994  |d 23994